| 000 | 00000nam 2200000zi 4500 |
| 001 | 9.869127 |
| 003 | CaOODSP |
| 005 | 20241118091559 |
| 006 | m o d f |
| 007 | cr ||||||||||| |
| 008 | 191030t20192019onc o f000 0 fre d |
| 020 | |a9780660298283 |
| 040 | |aCaOODSP|bfre|erda|cCaOODSP |
| 043 | |an-cn--- |
| 086 | 1 |aEn4-94/5-2019F-PDF |
| 245 | 00|aSachez stocker 5 : |bgestion des fuites. |
| 264 | 1|a[Ottawa] : |bEnvironnement et Changement climatique Canada = Environment and Climate Change Canada, |c[2019]. |
| 264 | 4|c©2019 |
| 300 | |a1 ressource en ligne (2 pages non numérotées) |
| 336 | |atexte|btxt|2rdacontent/fre |
| 337 | |ainformatique|bc|2rdamedia/fre |
| 338 | |aressource en ligne|bcr|2rdacarrier/fre |
| 500 | |aPublié aussi en anglais sous le titre : Tank tip 5 : handling leaks. |
| 500 | |aTitre de départ. |
| 520 | |a« En vertu du Règlement sur les systèmes de stockage de produits pétroliers et de produits apparentés, les propriétaires et exploitants de systèmes de stockage doivent agir immédiatement lorsqu’ils décèlent ou soupçonnent une fuite »--Page [1]. |
| 650 | 6|aRéservoirs de stockage de produits pétroliers|xDroit|zCanada. |
| 650 | 6|aProduits pétroliers|xStockage|xDroit|zCanada. |
| 710 | 1 |aCanada. |bEnvironnement et changement climatique Canada. |
| 775 | 08|tTank tip 5 : |w(CaOODSP)9.869125 |
| 794 | |tSachez stocker 5 : |b(2023)|w(CaOODSP)9.919532 |
| 856 | 40|qPDF|s908 Ko|uhttps://publications.gc.ca/collections/collection_2019/eccc/En4-94-5-2019-fra.pdf |